Pays ayant 7 lettres - Statistiques

Statistiques générales
  • Ce quiz a été pris 309 fois
  • Le résultat moyen est 30 sur 41
Statistiques - réponses
Continent Pays % Correct
Europe Espagne
92%
Afrique Algérie
88%
Europe Irlande
86%
Europe Albanie
85%
Europe Islande
84%
Amérique du Nord Mexique
84%
Europe Norvege
84%
Asie Turquie
84%
Europe Andorre
83%
Europe Pologne
83%
Amérique du Sud Bolivie
81%
Afrique Tunisie
81%
Amérique du Sud Uruguay
81%
Europe Vatican
81%
Europe Hongrie
80%
Europe Estonie
79%
Europe Ukraine
79%
Afrique Nigeria
77%
Asie Vietnam
77%
Europe Croatie
76%
Afrique Sénégal
75%
Asie Arménie
74%
Asie Bhoutan
72%
Afrique Namibie
72%
Asie Géorgie
71%
Océanie Vanuatu
71%
Afrique Ouganda
70%
Afrique Burundi
69%
Europe Pays-Bas
69%
Afrique Somalie
69%
Amérique du Nord Barbade
68%
Amérique du Nord Bahamas
67%
Afrique Cap-Vert
65%
Afrique Comores
65%
Afrique Lesotho
65%
Afrique Libéria
65%
Asie Bahrein
62%
Amérique du Nord Grenade
61%
Afrique Maurice
59%
Océanie Salomon
59%
Asie Myanmar
29%
Aucun quiz correspondant
Distribution des résultats
% des personnes avec chaque résultat
Percentile par nombre de réponses
Votre historique - résultats
Vous n’avez pas pris ce quiz